[Event "14th EUR-ch"]
[Site "Legnica POL"]
[Date "2013.05.05"]
[Round "1"]
[White "Mamedov, Rauf"]
[Black "Firat, Burak"]
[Result "1-0"]
[WhiteElo "2649"]
[BlackElo "2421"]
[EventDate "2013.05.05"]
[PlyCount "53"]

1.e4 c5 2.Nf3 e6 3.b3 a6 4.Bb2 Nc6 5.c4 d6 6.d4 cxd4 7.Nxd4 Bd7 8.Nc2 Nf6 
9.Nc3 Be7 10.Be2 O-O 11.O-O Rb8 12.a4 Qb6 13.Rb1 Rfd8 14.Kh1 d5 15.cxd5 
exd5 16.exd5 Bf5 17.Bc4 Nb4 18.Ne3 Bxb1 19.Qxb1 Bc5 20.Nf5 Re8 21.f3 Bf8 
22.Qc1 Nd7 23.d6 Ne5 24.Ne4 Kh8 25.d7 Nxd7 26.Ng5 h6 27.Nxh6 1-0

[Event "14th EUR-ch"]
[Site "Legnica POL"]
[Date "2013.05.05"]
[Round "1"]
[White "Kolosowski, Mateusz"]
[Black "Fridman, Daniel"]
[Result "1/2-1/2"]
[WhiteElo "2421"]
[BlackElo "2648"]
[EventDate "2013.05.05"]
[PlyCount "163"]

1.d4 Nf6 2.c4 e6 3.Nf3 Bb4+ 4.Bd2 Qe7 5.g3 Nc6 6.Bg2 Bxd2+ 7.Nbxd2 d6 8.
O-O e5 9.d5 Nb8 10.e4 a5 11.c5 dxc5 12.Nc4 Nbd7 13.Nh4 g6 14.f4 Ra6 15.Qe1
O-O 16.a4 Re8 17.f5 Nb6 18.Nxa5 c4 19.fxg6 fxg6 20.Kh1 Rf8 21.Qc3 Ng4 22.
h3 Rxf1+ 23.Rxf1 Nxa4 24.Qxc4 Ne3 25.d6+ Qe6 26.Qxa4 b6 27.Qb3 Nxg2 28.
Qxe6+ Bxe6 29.Nc6 Ne3 30.Rf3 Ra1+ 31.Kh2 Nf1+ 32.Kg2 cxd6 33.Ne7+ Kg7 34.
Rxf1 Bxh3+ 35.Kxh3 Rxf1 36.Nc8 Rb1 37.Nxb6 Rxb2 38.Nc4 Rb4 39.Nxd6 Rd4 40.
Nb5 Rxe4 41.Nc3 Re3 42.Nd1 Re1 43.Nc3 Rc1 44.Nd5 Rc5 45.Ne3 Kf6 46.Nf3 e4 
47.Nd2 Ke6 48.Ndc4 Rc8 49.Kg4 Rf8 50.Kg5 Rf3 51.g4 Rf2 52.Kh6 Rh2+ 53.Kg5 
Rf2 54.Kh6 Rf7 55.Kg5 Rf2 56.Kh6 Rh2+ 57.Kg5 h5 58.gxh5 gxh5 59.Kf4 Rh4+ 
60.Kg5 Rh1 61.Kf4 h4 62.Nd2 h3 63.Kxe4 h2 64.Nf3 Kf7 65.Nxh2 Rxh2 66.Kf5 
Rh5+ 67.Kf4 Ke6 68.Ng4 Rf5+ 69.Ke4 Ra5 70.Ne3 Ra4+ 71.Kd3 Kd6 72.Nc4+ Kc6 
73.Nd2 Kd5 74.Nb1 Rd4+ 75.Ke3 Rh4 76.Nc3+ Ke5 77.Kd3 Rf4 78.Ke3 Rg4 79.Kd3
Rh4 80.Nb5 Rh3+ 81.Kc4 Rc3+ 82.Kxc3 1/2-1/2

[Event "14th EUR-ch"]
[Site "Legnica POL"]
[Date "2013.05.05"]
[Round "1"]
[White "Socko, Bartosz"]
[Black "Lubczynski, Rafal"]
[Result "1/2-1/2"]
[WhiteElo "2647"]
[BlackElo "2419"]
[EventDate "2013.05.05"]
[PlyCount "93"]

1.d4 Nf6 2.c4 c6 3.Nf3 d5 4.e3 a6 5.b3 Bg4 6.Nbd2 e6 7.Bd3 Nbd7 8.Bb2 Bd6 
9.Qc2 Bh5 10.Ne5 Bxe5 11.dxe5 Ng4 12.Nf3 Bg6 13.Bxg6 hxg6 14.O-O-O Qb8 15.
h3 Ngxe5 16.Nxe5 Nxe5 17.f4 Nd7 18.Bxg7 Rg8 19.Bb2 a5 20.Kb1 a4 21.bxa4 
Nb6 22.cxd5 Nxd5 23.Qb3 b5 24.axb5 Qxb5 25.Qxb5 cxb5 26.e4 Nxf4 27.g3 Ne2 
28.Rd3 Rd8 29.Rhd1 Rxd3 30.Rxd3 f5 31.Re3 Ng1 32.h4 Kd7 33.Kc2 Rc8+ 34.Kb3
Rc4 35.exf5 exf5 36.Be5 Re4 37.Rd3+ Kc6 38.Bb8 Ne2 39.Kc2 f4 40.gxf4 Kb7 
41.Bd6 Nxf4 42.Rg3 Ne2 43.Rxg6 Rxh4 44.Kb2 Nf4 45.Rg5 Kc6 46.Bxf4 Rxf4 47.
Kb3 1/2-1/2

[Event "14th EUR-ch"]
[Site "Legnica POL"]
[Date "2013.05.05"]
[Round "1"]
[White "Kanter, Eduard"]
[Black "Petrosian, Tigran L."]
[Result "0-1"]
[WhiteElo "2418"]
[BlackElo "2645"]
[EventDate "2013.05.05"]
[PlyCount "152"]

1.d4 d5 2.c4 c6 3.Nf3 Nf6 4.Nc3 dxc4 5.a4 Bf5 6.Nh4 e6 7.Nxf5 exf5 8.e3 
Bb4 9.Bxc4 O-O 10.O-O Nbd7 11.Qb3 a5 12.Rd1 Nb6 13.Bf1 h5 14.g3 h4 15.Bg2 
Re8 16.Bd2 Qe7 17.Na2 Bxd2 18.Rxd2 Nbd5 19.Nc3 Red8 20.Nxd5 Nxd5 21.Rc1 
Nb4 22.Rcd1 Rd7 23.d5 Rad8 24.Rd4 hxg3 25.hxg3 c5 26.R4d2 b6 27.Qc3 Rd6 
28.Bf3 Qe8 29.b3 Qe7 30.Kg2 Rh6 31.Qc4 Qe5 32.Qf4 Qxf4 33.gxf4 Rhd6 34.Kf1
Kf8 35.Ke2 Ke7 36.Rg1 g6 37.Rgd1 R6d7 38.Ke1 Kd6 39.Be2 Rh8 40.Bc4 Re7 41.
Ke2 Rh4 42.Kf3 Re8 43.Rg1 Rh2 44.Bb5 Reh8 45.Bf1 R2h4 46.Rb2 Rg8 47.Rd2 f6
48.Bc4 g5 49.Ke2 g4 50.Kf1 Rh2 51.Re2 Re8 52.Rg2 Rh3 53.Kg1 Reh8 54.Kf1 
Rf3 55.Kg1 Rfh3 56.Kf1 R8h7 57.Rd2 R7h6 58.Re2 Rh8 59.Rd2 Ra8 60.Kg1 Rah8 
61.Kf1 Rh1+ 62.Rg1 R8h2 63.Re2 Rh3 64.Kg2 R1h2+ 65.Kf1 Rf3 66.Rg2 Rh1+ 67.
Rg1 Rh8 68.Kg2 Rfh3 69.Kf1 Rh2 70.Rg2 Rh1+ 71.Rg1 R8h2 72.Rxh1 Rxh1+ 73.
Kg2 Rd1 74.e4 fxe4 75.Rxe4 Nxd5 76.f5 Nc7 0-1

[Event "14th EUR-ch"]
[Site "Legnica POL"]
[Date "2013.05.05"]
[Round "1"]
[White "Caprio, Guido"]
[Black "Lysyi, Igor"]
[Result "0-1"]
[WhiteElo "2413"]
[BlackElo "2641"]
[EventDate "2013.05.05"]
[PlyCount "50"]

1.d4 Nf6 2.c4 e6 3.Nc3 Bb4 4.e3 O-O 5.Bd3 c5 6.Nf3 d5 7.O-O cxd4 8.exd4 
dxc4 9.Bxc4 b6 10.Bg5 Bb7 11.Re1 Nbd7 12.Rc1 Rc8 13.Bd3 h6 14.Bh4 Be7 15.
Bb1 b5 16.a3 a6 17.Qd3 Re8 18.Rcd1 Nf8 19.Bg3 Qb6 20.Ne5 b4 21.axb4 Qxb4 
22.Re2 Nd5 23.Nxd5 Bxd5 24.Qxa6 f6 25.Nd3 Qb3 0-1

[Event "14th EUR-ch"]
[Site "Legnica POL"]
[Date "2013.05.05"]
[Round "1"]
[White "Romanov, Evgeny"]
[Black "Rzayev, Bahruz"]
[Result "1-0"]
[WhiteElo "2640"]
[BlackElo "2411"]
[EventDate "2013.05.05"]
[PlyCount "63"]

1.c4 e5 2.Nc3 Nf6 3.Nf3 Nc6 4.g3 d5 5.cxd5 Nxd5 6.Bg2 Nb6 7.O-O Be7 8.Rb1 
Be6 9.b4 f6 10.b5 Nd4 11.Nh4 Rb8 12.e3 Nf5 13.Qh5+ g6 14.Nxg6 Bf7 15.Qxf5 
Bxg6 16.Qg4 Bxb1 17.Nxb1 Qd7 18.Qh5+ Kf8 19.f4 e4 20.Bxe4 Bd6 21.Bb2 Qg7 
22.Bd4 Be7 23.Rc1 Qf7 24.Qh6+ Qg7 25.Qxg7+ Kxg7 26.Rxc7 Kf8 27.Nc3 h5 28.
a4 Bd8 29.Rxb7 Rxb7 30.Bxb7 h4 31.a5 Nc4 32.b6 1-0

[Event "14th EUR-ch"]
[Site "Legnica POL"]
[Date "2013.05.05"]
[Round "1"]
[White "Butkiewicz, Lukasz"]
[Black "Shimanov, Alexander"]
[Result "0-1"]
[WhiteElo "2410"]
[BlackElo "2639"]
[EventDate "2013.05.05"]
[PlyCount "92"]

1.e4 c5 2.Nf3 e6 3.d4 cxd4 4.Nxd4 a6 5.Nc3 Qc7 6.Bd3 b5 7.O-O Bb7 8.Re1 
Be7 9.Qe2 Nc6 10.Nxc6 Qxc6 11.f3 Bc5+ 12.Kh1 Ne7 13.e5 Ng6 14.Be4 Qc7 15.
f4 O-O 16.Bxb7 Qxb7 17.Ne4 Be7 18.c3 Qc6 19.Bd2 Rfd8 20.Rad1 d5 21.exd6 
Bxd6 22.Qf3 Rac8 23.Bc1 Nh4 24.Qe2 Bc7 25.Ng5 Ng6 26.Qh5 h6 27.Rxd8+ Rxd8 
28.Nxe6 Qe8 29.f5 Nf8 30.Qg4 fxe6 31.Bxh6 Rd7 32.f6 Qg6 33.Qxg6 Nxg6 34.
fxg7 Be5 35.g3 Rd6 36.Re4 Bxg7 37.Be3 Kf7 38.a4 Ne5 39.axb5 axb5 40.b3 Nc6
41.c4 b4 42.Bc5 Rd3 43.Re3 Rxe3 44.Bxe3 Na5 45.c5 Nxb3 46.Kg2 Na5 0-1

[Event "14th EUR-ch"]
[Site "Legnica POL"]
[Date "2013.05.05"]
[Round "1"]
[White "Hnydiuk, Aleksander"]
[Black "Postny, Evgeny"]
[Result "0-1"]
[WhiteElo "2409"]
[BlackElo "2637"]
[EventDate "2013.05.05"]
[PlyCount "68"]

1.e4 c6 2.d4 d5 3.Nc3 dxe4 4.Nxe4 Bf5 5.Nc5 Nd7 6.Bd3 Nxc5 7.Bxf5 e6 8.Bh3
Ne4 9.c3 Ng5 10.Bxg5 Qxg5 11.Qb3 Rb8 12.Nf3 Qd5 13.O-O Qxb3 14.axb3 a6 15.
b4 Nf6 16.Rfe1 Bd6 17.g3 h6 18.Bf1 g5 19.h4 gxh4 20.Nxh4 h5 21.Bh3 Kd7 22.
Nf3 Ke7 23.Kf1 Nd5 24.Re4 Rbg8 25.Rae1 Rh6 26.Bg2 f5 27.R4e2 Kd7 28.Bh3 h4
29.Nxh4 Bxg3 30.fxg3 Rxg3 31.Nxf5 Rf3+ 32.Rf2 Rhxh3 33.Ng7 Nf4 34.Kg1 
Rfg3+ 0-1

[Event "14th EUR-ch"]
[Site "Legnica POL"]
[Date "2013.05.05"]
[Round "1"]
[White "Stevic, Hrvoje"]
[Black "Vesterbaek Pedersen, Nicolai"]
[Result "1-0"]
[WhiteElo "2637"]
[BlackElo "2406"]
[EventDate "2013.05.05"]
[PlyCount "103"]

1.e4 e5 2.Nf3 Nc6 3.Bb5 Nf6 4.d3 Bc5 5.Nbd2 O-O 6.Bxc6 dxc6 7.Nc4 Nd7 8.
Be3 Bd6 9.O-O c5 10.a3 Qe7 11.Nfd2 b5 12.Na5 Nb6 13.c4 f5 14.f3 a6 15.Qc2 
Qf7 16.exf5 Bxf5 17.Ne4 Qg6 18.Rad1 bxc4 19.Nxc4 Nd7 20.Rf2 Rab8 21.Qa4 
Be7 22.Qa5 Rb7 23.Qc3 Qe6 24.Na5 Rb5 25.a4 Rb4 26.Nxc5 Bxc5 27.Bxc5 Nxc5 
28.Qxc5 Rxa4 29.Nc6 Re8 30.Re2 Qb3 31.Rde1 Qb6 32.Qxb6 cxb6 33.d4 Bd7 34.
b3 Ra3 35.Nxe5 Bb5 36.Rb2 Rd8 37.Rd1 a5 38.d5 Rd6 39.Kf2 Ba6 40.Rd4 b5 41.
Rc2 Rxb3 42.Rc6 Rxc6 43.dxc6 Kf8 44.Rd8+ Ke7 45.Ra8 Kd6 46.Nf7+ Kc7 47.
Rxa6 a4 48.Ng5 Rc3 49.Ne6+ Kd6 50.c7+ Kd7 51.Nd4 Rc5 52.Ra5 1-0

[Event "14th EUR-ch"]
[Site "Legnica POL"]
[Date "2013.05.05"]
[Round "1"]
[White "Kanovsky, David"]
[Black "Nyzhnyk, Illya"]
[Result "0-1"]
[WhiteElo "2404"]
[BlackElo "2635"]
[EventDate "2013.05.05"]
[PlyCount "100"]

1.e4 c5 2.Nf3 d6 3.d4 cxd4 4.Nxd4 Nf6 5.Nc3 a6 6.Bg5 Nbd7 7.f4 Qc7 8.Qf3 
b5 9.Bd3 Bb7 10.O-O-O g6 11.Rhe1 Bg7 12.Nd5 Nxd5 13.exd5 Bf6 14.h4 Rc8 15.
Kb1 O-O 16.Nf5 e6 17.Nh6+ Kh8 18.h5 Bxd5 19.Qh3 Bxg5 20.fxg5 Ne5 21.Ng4 
Nxg4 22.Qxg4 e5 23.Rh1 Be6 24.Qf3 Qe7 25.Qg3 Kg8 26.Rdf1 e4 27.Be2 Bf5 28.
Qe3 Qc7 29.g4 Qxc2+ 30.Ka1 Be6 31.Rc1 Qa4 32.b3 Qb4 33.Kb2 d5 34.a3 Qe7 
35.h6 f5 36.gxf5 gxf5 37.Qd4 f4 38.Rxc8 Rxc8 39.g6 Qc7 40.gxh7+ Kxh7 41.
Bd3 Qf7 42.Rg1 Rg8 43.Rxg8 Qxg8 44.Bxe4+ dxe4 45.Qxe4+ Kxh6 46.Qxf4+ Qg5 
47.Qh2+ Kg6 48.a4 b4 49.Qc2+ Qf5 50.Qd2 Qe5+ 0-1

[Event "14th EUR-ch"]
[Site "Legnica POL"]
[Date "2013.05.05"]
[Round "1"]
[White "l`Ami, Erwin"]
[Black "Mazur, Stefan"]
[Result "1-0"]
[WhiteElo "2634"]
[BlackElo "2402"]
[EventDate "2013.05.05"]
[PlyCount "63"]

1.d4 Nf6 2.c4 g6 3.Nf3 Bg7 4.g3 O-O 5.Nc3 d6 6.Bg2 a6 7.O-O Nc6 8.Bf4 Rb8 
9.Rc1 h6 10.d5 e5 11.Bd2 Nd4 12.Ne1 c5 13.dxc6 bxc6 14.e3 Ne6 15.Nd3 Qe8 
16.b4 Ng5 17.e4 Ne6 18.c5 dxc5 19.Na4 cxb4 20.Bxb4 Nd4 21.Bd6 Rb5 22.Nc3 
Ra5 23.Nxe5 Rxe5 24.Qxd4 Rh5 25.Bxf8 Qxf8 26.Qb6 Nd7 27.Qc7 Ne5 28.Rfd1 
Bf6 29.Nd5 Bg5 30.f4 Bg4 31.fxg5 Rxg5 32.Nf6+ 1-0

[Event "14th EUR-ch"]
[Site "Legnica POL"]
[Date "2013.05.05"]
[Round "1"]
[White "Hagen, Andreas Skytte"]
[Black "Lupulescu, Constantin"]
[Result "1/2-1/2"]
[WhiteElo "2400"]
[BlackElo "2634"]
[EventDate "2013.05.05"]
[PlyCount "100"]

1.e4 c6 2.d4 d5 3.e5 Bf5 4.Nf3 e6 5.Be2 Nd7 6.O-O Bg6 7.Nbd2 Nh6 8.Nb3 Rc8
9.Bd2 Be7 10.a4 O-O 11.a5 c5 12.Bxh6 gxh6 13.Qd2 c4 14.Nc1 Kg7 15.Bd1 Nb8 
16.Ne2 Nc6 17.h3 Bb4 18.c3 Be7 19.Nh2 Nxa5 20.Ng4 Kh8 21.f4 h5 22.Ne3 f5 
23.exf6 Rxf6 24.f5 Bxf5 25.Nxf5 exf5 26.Bc2 Nc6 27.Bxf5 Rc7 28.Nf4 Rxf5 
29.Ne6 Qd6 30.Nxc7 Rxf1+ 31.Rxf1 Qxc7 32.Qh6 Qd6 33.Qxh5 Qe6 34.Qe8+ Kg7 
35.Rf4 Nd8 36.Rg4+ Kh6 37.g3 Qe1+ 38.Kg2 Qd2+ 39.Kf3 Qd3+ 40.Kg2 Qc2+ 41.
Kf3 Qf5+ 42.Kg2 Nc6 43.Qg8 Bg5 44.h4 Be3 45.Rg7 Qe4+ 46.Kh2 Qc2+ 47.Kh3 
Qf5+ 48.Kh2 Qf2+ 49.Kh3 Qf5+ 50.Kh2 Qf2+ 1/2-1/2

[Event "14th EUR-ch"]
[Site "Legnica POL"]
[Date "2013.05.05"]
[Round "1"]
[White "Hracek, Zbynek"]
[Black "Bulmaga, Irina"]
[Result "1-0"]
[WhiteElo "2628"]
[BlackElo "2393"]
[EventDate "2013.05.05"]
[PlyCount "95"]

1.e4 c5 2.Nf3 d6 3.d4 cxd4 4.Nxd4 Nf6 5.Nc3 a6 6.Be3 e5 7.Nb3 Be6 8.Qd2 
Nbd7 9.O-O-O b5 10.h3 Qc7 11.g4 h6 12.f4 Rc8 13.Kb1 Nb6 14.Bxb6 Qxb6 15.
fxe5 dxe5 16.Nd5 Bxd5 17.exd5 Bd6 18.Bd3 O-O 19.Qg2 Rfe8 20.Nd2 e4 21.Nxe4
Nxe4 22.Bxe4 Rc4 23.Rhe1 Re5 24.Bd3 Ra4 25.a3 g6 26.c3 Rf4 27.Rxe5 Bxe5 
28.h4 Qe3 29.h5 Rf2 30.Qe4 Qxe4 31.Bxe4 f5 32.gxf5 gxf5 33.Bc2 Bd6 34.Rg1+
Kf7 35.Rg6 Bf8 36.Rxa6 f4 37.Bd3 f3 38.Bxb5 Rg2 39.d6 f2 40.d7 Rg1+ 41.Ka2
Rd1 42.Ra4 Bc5 43.Rf4+ Ke7 44.b4 Bb6 45.Kb3 Rh1 46.Rf5 Ke6 47.Rxf2 Rxh5 
48.Re2+ 1-0

[Event "14th EUR-ch"]
[Site "Legnica POL"]
[Date "2013.05.05"]
[Round "1"]
[White "Arngrimsson, Dagur"]
[Black "Kozul, Zdenko"]
[Result "1-0"]
[WhiteElo "2390"]
[BlackElo "2624"]
[EventDate "2013.05.05"]
[PlyCount "83"]

1.d4 Nf6 2.c4 g6 3.Nc3 Bg7 4.e4 d6 5.f3 a6 6.Be3 O-O 7.Nge2 Nc6 8.Qd2 Na5 
9.Nf4 Nd7 10.Rd1 e5 11.dxe5 dxe5 12.Nfd5 Nc6 13.h4 Nd4 14.h5 c6 15.hxg6 
cxd5 16.gxh7+ Kh8 17.Nxd5 Nc5 18.Bh6 Bxh6 19.Qxh6 a5 20.Nc7 Rb8 21.Rh5 f6 
22.Rxd4 exd4 23.Rxc5 Rf7 24.Qg6 Qf8 25.Qg8+ Qxg8 26.hxg8=Q+ Kxg8 27.Nb5 b6
28.Rd5 Bd7 29.Nxd4 Kf8 30.Kf2 Ke7 31.e5 Rc8 32.Rxd7+ Kxd7 33.e6+ Ke7 34.
exf7 Kxf7 35.Bd3 Ke7 36.a3 Kd6 37.b4 axb4 38.axb4 Ra8 39.Ke3 Ra2 40.g4 Rg2
41.Nb5+ Kd7 42.Nc3 1-0

[Event "14th EUR-ch"]
[Site "Legnica POL"]
[Date "2013.05.05"]
[Round "1"]
[White "Miton, Kamil"]
[Black "Manea, Alexandru"]
[Result "1/2-1/2"]
[WhiteElo "2624"]
[BlackElo "2389"]
[EventDate "2013.05.05"]
[PlyCount "90"]

1.d4 Nf6 2.c4 e6 3.Nf3 d5 4.g3 dxc4 5.Bg2 c5 6.O-O Nc6 7.dxc5 Bxc5 8.Qxd8+
Kxd8 9.Nbd2 Ke7 10.Nxc4 Bd7 11.b3 Rac8 12.Bb2 Rhd8 13.Nfe5 Nxe5 14.Nxe5 b6
15.Rfc1 Be8 16.a4 Kf8 17.Nd3 Bd6 18.Bxf6 gxf6 19.Bb7 Rxc1+ 20.Rxc1 Bd7 21.
f3 Ke7 22.Kf2 Rg8 23.f4 Rb8 24.Ba6 e5 25.e4 b5 26.axb5 Bxb5 27.Bxb5 Rxb5 
28.b4 exf4 29.gxf4 Bxb4 30.Rc7+ Kf8 31.Rxa7 Bc5+ 32.Nxc5 Rxc5 33.Ra8+ Kg7 
34.Kg3 Rc3+ 35.Kg4 Rc2 36.h4 Rc5 37.h5 h6 38.Ra2 Rb5 39.Re2 Ra5 40.Rd2 Ra1
41.Kf5 Ra5+ 42.Kg4 Ra1 43.Rc2 Ra4 44.Kf5 Ra5+ 45.Kg4 Ra4 1/2-1/2

[Event "14th EUR-ch"]
[Site "Legnica POL"]
[Date "2013.05.05"]
[Round "1"]
[White "Kriebel, Tadeas"]
[Black "Guseinov, Gadir"]
[Result "0-1"]
[WhiteElo "2388"]
[BlackElo "2623"]
[EventDate "2013.05.05"]
[PlyCount "46"]

1.e4 d6 2.d4 Nf6 3.Nc3 g6 4.f4 Bg7 5.Nf3 O-O 6.Be3 b6 7.Qd2 Bb7 8.e5 Ng4 
9.O-O-O c5 10.d5 b5 11.Bxb5 Qb6 12.h3 Nxe3 13.Qxe3 Na6 14.Nd2 Nb4 15.Nc4 
Nxa2+ 16.Kd2 Qc7 17.Nxa2 Bxd5 18.exd6 exd6 19.Kc1 a6 20.Bxa6 Rxa6 21.Rxd5 
Rxa2 22.Kd1 Qb7 23.Qe4 Qb4 0-1

[Event "14th EUR-ch"]
[Site "Legnica POL"]
[Date "2013.05.05"]
[Round "1"]
[White "Schroll, Gerhard"]
[Black "Melkumian, Hrant"]
[Result "1/2-1/2"]
[WhiteElo "2387"]
[BlackElo "2622"]
[EventDate "2013.05.05"]
[PlyCount "116"]

1.d4 Nf6 2.c4 g6 3.Nc3 d5 4.Bg5 Bg7 5.e3 c5 6.dxc5 Qa5 7.Bxf6 Bxf6 8.Qd2 
Bxc3 9.Qxc3 Qxc3+ 10.bxc3 dxc4 11.Bxc4 Nd7 12.c6 Ne5 13.cxb7 Bxb7 14.Bb5+ 
Kf8 15.f3 Rb8 16.a4 Kg7 17.Nh3 Rhc8 18.Kd2 Rc5 19.Nf2 a6 20.Be2 Bd5 21.
Rhb1 Rd8 22.Ke1 Bc4 23.f4 Bxe2 24.Kxe2 Nc6 25.Rc1 e5 26.Nd3 Rc4 27.Nxe5 
Nxe5 28.fxe5 Rd5 29.Rd1 Rxe5 30.Rd3 Rg5 31.Kf3 Rf5+ 32.Ke2 Rg4 33.g3 Rh5 
34.Kf3 Rc4 35.Ra2 Rf5+ 36.Kg2 Ra5 37.h4 Kf6 38.Rd6+ Ke7 39.Rad2 Rc7 40.
R6d4 Re5 41.R2d3 Rec5 42.Re4+ Kf8 43.Red4 Kg7 44.Rd6 Ra5 45.R6d4 Rc6 46.
Kf3 Rf6+ 47.Ke2 Rb6 48.Rb4 Rxb4 49.cxb4 Rxa4 50.Rd6 h6 51.Kf3 f5 52.Rb6 g5
53.hxg5 hxg5 54.g4 fxg4+ 55.Kxg4 a5 56.Kxg5 Rxb4 57.Ra6 Re4 58.Rxa5 Rxe3 
1/2-1/2

[Event "14th EUR-ch"]
[Site "Legnica POL"]
[Date "2013.05.05"]
[Round "1"]
[White "Saric, Ivan"]
[Black "Erturan, Yakup"]
[Result "1-0"]
[WhiteElo "2622"]
[BlackElo "2386"]
[EventDate "2013.05.05"]
[PlyCount "155"]

1.e4 e5 2.Nf3 Nf6 3.Nxe5 d6 4.Nf3 Nxe4 5.d4 d5 6.Bd3 Be7 7.Nbd2 Nf6 8.h3 
Nc6 9.c3 O-O 10.O-O Bd6 11.Re1 Nh5 12.Nf1 Nf4 13.Bc2 Qf6 14.Ne3 Ne7 15.Ng4
Bxg4 16.hxg4 Neg6 17.g3 Ne6 18.Ne5 Rfe8 19.f4 Nef8 20.g5 Qd8 21.Be3 c6 22.
Ng4 Nd7 23.Kg2 f6 24.f5 Ngf8 25.Qd2 Qc7 26.Bf2 Kf7 27.Rh1 fxg5 28.Qxg5 Nf6
29.Nxf6 gxf6 30.Qh6 Re7 31.Rh4 Kg8 32.Qxf6 Rg7 33.Rh3 Re8 34.Re1 Rxe1 35.
Bxe1 Bf4 36.Qh4 Bg5 37.Qh5 Qe7 38.Bf2 Nd7 39.Rh1 Nf6 40.Qf3 Qd6 41.Re1 Re7
42.Rxe7 Qxe7 43.Kf1 Kg7 44.Qe2 Qxe2+ 45.Kxe2 Ng4 46.Bg1 Kf6 47.b4 b5 48.a4
a6 49.a5 Nh6 50.Bf2 Ng4 51.Be1 Ne3 52.Bd3 h5 53.Kf3 Nxf5 54.Bf1 Bc1 55.Bh3
Bh6 56.g4 hxg4+ 57.Bxg4 Bg5 58.Ke2 Kg6 59.Bh3 Kf6 60.Bf2 Bf4 61.Bg4 Bd6 
62.Bh5 Ng7 63.Bh4+ Ke6 64.Bg4+ Nf5 65.Kf3 Bh2 66.Bh3 Bd6 67.Bg5 Bf8 68.Kf4
Bd6+ 69.Kg4 Nxd4 70.cxd4 Bxb4 71.Kf3+ Kd6 72.Bf4+ Ke7 73.Bc7 c5 74.dxc5 
Bxc5 75.Ke2 b4 76.Kd3 d4 77.Kc4 d3 78.Kxc5 1-0

[Event "14th EUR-ch"]
[Site "Legnica POL"]
[Date "2013.05.05"]
[Round "1"]
[White "Tari, Aryan"]
[Black "Lenic, Luka"]
[Result "0-1"]
[WhiteElo "2385"]
[BlackElo "2621"]
[EventDate "2013.05.05"]
[PlyCount "66"]

1.e4 e5 2.Nf3 Nc6 3.Bc4 Nf6 4.Ng5 d5 5.exd5 Na5 6.Bb5+ c6 7.dxc6 bxc6 8.
Bd3 Nd5 9.Nf3 Bd6 10.O-O Nf4 11.Re1 Nxd3 12.cxd3 O-O 13.Nxe5 Re8 14.d4 c5 
15.Qf3 Be6 16.d5 Bxe5 17.Rxe5 Bxd5 18.Rxe8+ Qxe8 19.Qd1 Qc6 20.f3 Re8 21.
Nc3 c4 22.d4 cxd3 23.Bd2 Nc4 24.b3 Qc5+ 25.Kh1 Nxd2 26.Qxd2 Qd4 27.Rd1 Bc6
28.h3 h5 29.Kh2 Re3 30.Rf1 h4 31.Rf2 Qe5+ 32.Kg1 Re1+ 33.Rf1 Qd4+ 0-1

[Event "14th EUR-ch"]
[Site "Legnica POL"]
[Date "2013.05.05"]
[Round "1"]
[White "Timofeev, Artiom"]
[Black "Zawadzka, Jolanta"]
[Result "1/2-1/2"]
[WhiteElo "2621"]
[BlackElo "2383"]
[EventDate "2013.05.05"]
[PlyCount "88"]

1.d4 d5 2.c4 e6 3.Nc3 Bb4 4.Nf3 Nf6 5.e3 O-O 6.Bd3 dxc4 7.Bxc4 c5 8.O-O 
cxd4 9.exd4 b6 10.Bg5 Bb7 11.Rc1 Nbd7 12.Re1 Rc8 13.Qb3 Bxc3 14.Rxc3 h6 
15.Bh4 Re8 16.Ne5 g5 17.Bg3 Ne4 18.Rc2 Ndf6 19.Qd3 Nxg3 20.fxg3 b5 21.Bb3 
Rxc2 22.Bxc2 Qd5 23.Re2 Rd8 24.Nxf7 Kxf7 25.Qg6+ Ke7 26.Qg7+ Kd6 27.Qxf6 
Kc7 28.Qe5+ Qxe5 29.dxe5 Bd5 30.a3 Kb6 31.h4 a5 32.Rf2 Kc5 33.Rf6 Rg8 34.
h5 Rh8 35.Bd1 Kd4 36.Bf3 Kxe5 37.Rg6 Bc4 38.Kf2 Kd4 39.Be2 e5 40.Rd6+ Kc5 
41.Rf6 Kd4 42.Rd6+ Kc5 43.Rf6 Kd4 44.Rd6+ Kc5 1/2-1/2

[Event "14th EUR-ch"]
[Site "Legnica POL"]
[Date "2013.05.05"]
[Round "1"]
[White "Zude, Erik"]
[Black "Popov, Ivan"]
[Result "0-1"]
[WhiteElo "2382"]
[BlackElo "2620"]
[EventDate "2013.05.05"]
[PlyCount "104"]

1.c4 e5 2.g3 Nf6 3.Bg2 Nc6 4.Nc3 Bb4 5.Nd5 Bc5 6.Nf3 e4 7.Ng5 Nxd5 8.Nxe4 
Bxf2+ 9.Nxf2 Nf6 10.d4 O-O 11.e4 d6 12.O-O Re8 13.Be3 h6 14.Rc1 Ne7 15.Rc3
Ng6 16.c5 Bd7 17.Qb3 dxc5 18.Rxc5 b6 19.Rc3 c6 20.Qc2 Qe7 21.a3 a5 22.Bd2 
Rac8 23.Rc1 Nf8 24.Be3 Ne6 25.Qd2 c5 26.d5 Nf8 27.b4 axb4 28.axb4 cxb4 29.
Rxc8 Rxc8 30.Rxc8 Bxc8 31.Bxb6 N8d7 32.Bd4 Ne5 33.Nd3 Nxd3 34.Qxd3 Ng4 35.
Qc4 Bd7 36.h3 Ne5 37.Qc7 Nd3 38.e5 b3 39.e6 fxe6 40.Be4 e5 41.Be3 Ne1 42.
Bc5 Qe8 43.Qb6 Qc8 44.Bd6 Bf5 45.Bxf5 Qxf5 46.Qxb3 Nf3+ 47.Kg2 Nd2 48.Qb8+
Kh7 49.Qf8 Qe4+ 50.Kf2 Qd3 51.g4 Qf1+ 52.Kg3 Qg1+ 0-1

[Event "14th EUR-ch"]
[Site "Legnica POL"]
[Date "2013.05.05"]
[Round "1"]
[White "Bartel, Mateusz"]
[Black "Kreisl, Robert"]
[Result "0-1"]
[WhiteElo "2619"]
[BlackElo "2380"]
[EventDate "2013.05.05"]
[PlyCount "108"]

1.e4 c6 2.d4 d5 3.e5 Bf5 4.Nd2 e6 5.Nb3 Nd7 6.Nf3 Ne7 7.Be2 Bg6 8.Nh4 Nf5 
9.Nxg6 hxg6 10.Bf4 a5 11.a4 Bb4+ 12.c3 Be7 13.g3 Qb6 14.O-O f6 15.exf6 
gxf6 16.c4 e5 17.c5 Qc7 18.Bd2 Nf8 19.Bg4 Ne6 20.Bc3 e4 21.Qe1 Bd8 22.f3 
Qh7 23.Rf2 Ng5 24.Bd2 Nh6 25.Bxg5 Nxg4 26.fxg4 fxg5 27.Nd2 Bc7 28.Nxe4 
dxe4 29.Qxe4+ Kd7 30.Raf1 Raf8 31.d5 Rxf2 32.dxc6+ Kc8 33.cxb7+ Kb8 34.
Rxf2 Qd7 35.c6 Qd8 36.Kg2 Re8 37.Qf3 Bb6 38.Rc2 Qd4 39.c7+ Bxc7 40.b3 Qe4 
41.Rc6 Qe2+ 42.Qxe2 Rxe2+ 43.Kh3 Kxb7 44.Rxg6 Bd8 45.Rd6 Bb6 46.Rd1 Kc6 
47.Rc1+ Kd5 48.Rf1 Rc2 49.Rb1 Ke4 50.Rf1 Be3 51.b4 axb4 52.a5 Ra2 53.Rf5 
Bg1 54.a6 Rxh2# 0-1

[Event "14th EUR-ch"]
[Site "Legnica POL"]
[Date "2013.05.05"]
[Round "1"]
[White "Pasiev, Rakhim"]
[Black "Roiz, Michael"]
[Result "0-1"]
[WhiteElo "2379"]
[BlackElo "2617"]
[EventDate "2013.05.05"]
[PlyCount "122"]

1.e4 e5 2.Nf3 Nc6 3.Bc4 Bc5 4.c3 Nf6 5.d3 a6 6.O-O d6 7.Bb3 h6 8.Nbd2 O-O 
9.h3 Be6 10.Bc2 Re8 11.Re1 d5 12.Nxe5 Nxe5 13.d4 Nfd7 14.dxc5 Nxc5 15.Nb3 
Nxb3 16.axb3 dxe4 17.Qxd8 Raxd8 18.Bxe4 Bxb3 19.Bf4 Nd3 20.Bxd3 Rxe1+ 21.
Rxe1 Rxd3 22.Re7 Rd1+ 23.Kh2 Rb1 24.Rxc7 b5 25.Ra7 Rxb2 26.Be3 Ra2 27.Bb6 
Bd5 28.Bc5 a5 29.Bb6 a4 30.Bd4 Rd2 31.Bc5 Rc2 32.Bd4 h5 33.Ra5 Bc4 34.h4 
Kh7 35.Kg3 Kg6 36.Kf4 f6 37.g3 Rd2 38.Ke4 Rd1 39.Ra7 Re1+ 40.Be3 Be6 41.
Ra5 Rd1 42.Bd4 Rb1 43.Bc5 Rb3 44.Bb4 Rb2 45.Bc5 Rc2 46.Bd4 Bc4 47.Ra7 Rc1 
48.Kf4 Bd5 49.Ra5 Re1 50.Be3 Rb1 51.Bc5 Re1 52.Be3 Rd1 53.g4 hxg4 54.Kxg4 
Be6+ 55.Kf3 Rh1 56.Bd4 Rh3+ 57.Kg2 Rxh4 58.Rxb5 a3 59.Ra5 a2 60.Ra4 Bc4 
61.f3 Rh5 0-1

[Event "14th EUR-ch"]
[Site "Legnica POL"]
[Date "2013.05.05"]
[Round "1"]
[White "Grigorian, Avetik"]
[Black "Petrisor, Adrian-Marian"]
[Result "1-0"]
[WhiteElo "2616"]
[BlackElo "2378"]
[EventDate "2013.05.05"]
[PlyCount "101"]

1.d4 Nf6 2.c4 e6 3.Nc3 Bb4 4.e3 c5 5.Ne2 b6 6.a3 Ba5 7.g3 Bb7 8.d5 O-O 9.
Bg2 Na6 10.O-O exd5 11.Nxd5 Nxd5 12.Bxd5 Bxd5 13.Qxd5 Qc8 14.Rd1 Rd8 15.b3
Qc6 16.Bb2 Nc7 17.Qd6 b5 18.Nf4 Qxd6 19.Rxd6 bxc4 20.bxc4 Rab8 21.Ra2 Rb7 
22.Rd3 Na8 23.Nd5 d6 24.Bc3 Bxc3 25.Rxc3 Rb1+ 26.Kg2 Nb6 27.Rd2 Nxd5 28.
Rxd5 Kf8 29.g4 Ke7 30.g5 Rdb8 31.Rcd3 R8b6 32.e4 R1b3 33.Rxd6 Rxd6 34.Rxb3
Rd4 35.Kf3 Ke6 36.Rb5 Rxc4 37.Ra5 f5 38.gxf6 gxf6 39.Kf4 Rc2 40.f3 Rxh2 
41.Rxc5 Rg2 42.Ra5 Rg1 43.a4 h6 44.Ra6+ Kf7 45.Rxa7+ Kg6 46.Ra8 Kg7 47.a5 
h5 48.a6 Ra1 49.Kg3 Kg6 50.a7 Kg7 51.f4 1-0

[Event "14th EUR-ch"]
[Site "Legnica POL"]
[Date "2013.05.05"]
[Round "1"]
[White "Tomazini, Zan"]
[Black "Rakhmanov, Aleksandr"]
[Result "0-1"]
[WhiteElo "2370"]
[BlackElo "2616"]
[EventDate "2013.05.05"]
[PlyCount "76"]

1.e4 g6 2.d4 Bg7 3.Nc3 c6 4.Nf3 d6 5.Be3 Nf6 6.h3 O-O 7.Bd3 Nbd7 8.O-O e5 
9.Ne2 d5 10.Nxe5 dxe4 11.Nxd7 Bxd7 12.Bc4 Nd5 13.Qd2 Be6 14.Bxd5 cxd5 15.
Bh6 Bxh6 16.Qxh6 f5 17.Nf4 Qf6 18.h4 Bf7 19.c3 Qg7 20.Qg5 Rae8 21.Nh3 h6 
22.Qg3 Qf6 23.Rae1 Kh7 24.f3 Re7 25.fxe4 dxe4 26.b3 Rc8 27.Re3 b5 28.Nf2 
Qg7 29.Qd6 Rec7 30.Nd1 Rc6 31.Qf4 b4 32.c4 Qxd4 33.g4 Be6 34.Nf2 Qd6 35.
Nh3 fxg4 36.Qxe4 gxh3 37.Rf6 h2+ 38.Kg2 Bh3+ 0-1

[Event "14th EUR-ch"]
[Site "Legnica POL"]
[Date "2013.05.05"]
[Round "1"]
[White "Khalifman, Alexander"]
[Black "Lomsadze, Davit"]
[Result "1-0"]
[WhiteElo "2614"]
[BlackElo "2370"]
[EventDate "2013.05.05"]
[PlyCount "81"]

1.d4 Nf6 2.Nf3 g6 3.c4 Bg7 4.Nc3 O-O 5.e4 d6 6.Be2 Nbd7 7.O-O e5 8.Qc2 c6 
9.Rd1 Qe7 10.d5 c5 11.Bg5 h6 12.Bh4 g5 13.Bg3 Nh5 14.Nd2 Nf4 15.Nf1 Nxe2+ 
16.Nxe2 h5 17.f3 Nf6 18.Ne3 h4 19.Bf2 Nh5 20.Nc3 Qf6 21.Nf5 Bh6 22.g4 Nf4 
23.Rab1 Rd8 24.b4 Bf8 25.Be3 b6 26.bxc5 dxc5 27.a4 Bd7 28.Qa2 Rab8 29.a5 
bxa5 30.Qxa5 Rb4 31.Qxa7 Rxc4 32.Rb6 Qh8 33.Qc7 Ra8 34.Qxd7 Rxc3 35.Rdb1 
Ne2+ 36.Kf2 Ng3 37.Rb8 Ra2+ 38.R1b2 Rc2+ 39.Rxc2 Rxc2+ 40.Ke1 Nxf5 41.Qxf5
1-0